Countries of the Unknown River #3 - Statistics

General Stats
  • This quiz has been taken 76 times
    62 since last reset
  • The average score is 7 of 7
Answer Stats
Answer % Correct
C Cambodia
100%
C China
100%
L Laos
100%
T Thailand
100%
V Vietnam
100%
M Myanmar
96%
Mekong
85%
No matching quizzes found
Score Distribution
Percent of People with Each Score
Percentile by Number Answered
Your Score History
You have not taken this quiz since the last reset